Представление документа в формате RUSMARC

ПолеНазваниеЗначение
  Тип записи a
  Библиографический уровень m
001 Контрольный номер 91d9f6dc04b146a5b33feb2448e7b50a
005 Дата корректировки 20260629111817.6
010 Индекс ISBN __
a ISBN 978-5-17-158058-7
b Уточнения в пер.
9 Тираж 1500 экз.
100 Данные общей обработки __
a Данные общей обработки 20260626d2025 m y0rusy028902 ca
101 Язык документа 0_
a Язык текста rus
102 Страна публикации __
a Страна публикации RU
105 Кодированные данные (монография) __
a Кодированные данные (монография) a z 000yy
181 Поле кодированных данных: вид содержания _0
a Код вида содержания (ISBD) i
182 Поле кодированных данных: тип средства _0
a Код типа средства (ISBD) n
200 Заглавие и сведения об ответственности 1_
a Заглавие Хочешь выжить? Инвестируй!
e Сведения, относящиеся к заглавию 65 шагов от нуля до профи
f Первые сведения об ответственности Григорий Баршевский
203 Вид содержания и тип средства __
a Вид содержания Текст
c Тип средства непосредственный
210 Выходные данные 1_
a Место издания Москва
c Издательство АСТ
c Издательство Времена
d Дата издания 2025
215 Физическое описание __
a Объем 447 с.
c Иллюстрации/тип воспроизводства ил., табл.
d Формат 21 см
225 Серия 2_
a Серия Звезда нонфикшн
330 Аннотация __
a Аннотация Финансовые проблемы часто губят судьбы даже очень достойных людей. Как уберечь себя и свою семью от таких напастей? Как обеспечить себе достойную жизнь в старости? Как дать хорошее образование ребенку? Где взять деньги для решения проблем со здоровьем, если, не дай бог, они появятся? Накопление и инвестирование - почти единственный способ решить эти проблемы. Эту книгу можно назвать пособием для начинающих инвесторов. Помочь человеку, вообще не имеющему никаких финансовых знаний, стать квалифицированным инвестором - такова задача этой книги. Хотя и те, кто уже инвестирует, вероятно, тоже найдут в ней для себя что-то полезное. Короче, эта книга для людей, которые хотят стать финансово состоятельными, а следовательно - финансово независимыми. Хорошая новость состоит в том, что для обретения своей финансовой состоятельности не требуется больших вложений. Даже человек со скромным доходом может это сделать. Зато нужна регулярность и длительный период инвестирования. Если вам меньше 45 лет, эта книга для вас.
333 Примечание о целевом назначении __
a Примечание о целевом назначении 16+. Для детей старше 16 лет
517 Другие варианты заглавия 1_
a Другие варианты заглавия Инвестируй!
606 Тематические рубрики __
a Основная рубрика Экономика
2 Код системы nlr_sh
606 Тематические рубрики __
a Основная рубрика Финансовая система
2 Код системы nlr_sh
610 Ключевые слова 0_
a Ключевые слова частные инвестиции
610 Ключевые слова 0_
a Ключевые слова финансовые инструменты
610 Ключевые слова 0_
a Ключевые слова финансовые инвестиции
610 Ключевые слова 0_
a Ключевые слова финансовая независимость
610 Ключевые слова 0_
a Ключевые слова инвестиции
610 Ключевые слова 0_
a Ключевые слова инвестирование
610 Ключевые слова 0_
a Ключевые слова личные финансы
610 Ключевые слова 0_
a Ключевые слова домашний бюджет
610 Ключевые слова 0_
a Ключевые слова вклады
610 Ключевые слова 0_
a Ключевые слова акции
610 Ключевые слова 0_
a Ключевые слова облигации
610 Ключевые слова 0_
a Ключевые слова наличные деньги
610 Ключевые слова 0_
a Ключевые слова золото
610 Ключевые слова 0_
a Ключевые слова инвестиционные фонды
610 Ключевые слова 0_
a Ключевые слова инвестиционный портфель
610 Ключевые слова 0_
a Ключевые слова фондовый рынок
610 Ключевые слова 0_
a Ключевые слова финансовые риски
610 Ключевые слова 0_
a Ключевые слова сроки инвестирования
686 Индексы других классификаций __
a Классификационный индекс 65.261.94
2 Код системы rubbks
700 Автор _1
a Фамилия Баршевский
b Имя Г. А.
g Полное личное имя Григорий Абрамович
4 Код отношения 070
f Даты 1948-
801 Источник записи _0
a Страна RU
b Организация Муниципальное бюджетное учреждение культуры "Централизованная библиотечная система" г. Сургут (Центральная городская библиотека им. А. С. Пушкина)
c Дата составления 20260626
g Правила каталогизации PSBO
801 Источник записи _1
a Страна RU
b Организация Муниципальное бюджетное учреждение культуры "Централизованная библиотечная система" г. Сургут (Центральная городская библиотека им. А. С. Пушкина)
c Дата составления 20260626
g Правила каталогизации PSBO
852 Данные о местонахождении __
j Шифр хранения 65.261.94
i Авторский знак Б 26
901 Тип документа __
t Тип документа m
a Ответственный ООФиК/Волкова
901 Тип документа __
a Ответственный без партии
903 Характеристики (МАРС) __
a Дата передачи 20260626
c Наименование библиотеки (МАРС) Муниципальное бюджетное учреждение культуры "Централизованная библиотечная система" г. Сургут (Центральная городская библиотека им. А. С. Пушкина)
969 Тип издания __
a Тип издания научно-популярное издание